Central Library || Chittagong University

Islam in modern history.// (Record no. 109330)

MARC details
000 -LEADER
fixed length control field 00482nam a22001697a 4500
003 - CONTROL NUMBER IDENTIFIER
control field BD-ChCU
005 - DATE AND TIME OF LATEST TRANSACTION
control field 20251111113852.0
008 - FIXED-LENGTH DATA ELEMENTS--GENERAL INFORMATION
fixed length control field 251111b bg ||||| |||| 00| 0 ben d
040 ## - CATALOGING SOURCE
Transcribing agency BD-ChCU
082 ## - DEWEY DECIMAL CLASSIFICATION NUMBER
Classification number 297.9 SMI
100 ## - MAIN ENTRY--PERSONAL NAME
Personal name Smith, Wilfred Cantwell.
9 (RLIN) 15950
245 ## - TITLE STATEMENT
Title Islam in modern history.//
Statement of responsibility, etc. Wilfred Cantwell Smith.
260 ## - PUBLICATION, DISTRIBUTION, ETC.
Place of publication, distribution, etc. Princeton.
Name of publisher, distributor, etc. Princeton Univ. Press.
Date of publication, distribution, etc. 1957
300 ## - PHYSICAL DESCRIPTION
Extent ix, 317p
650 #0 - SUBJECT ADDED ENTRY--TOPICAL TERM
Topical term or geographic name entry element Islam - History, Modern.
9 (RLIN) 15952
942 ## - ADDED ENTRY ELEMENTS (KOHA)
Source of classification or shelving scheme Dewey Decimal Classification
Koha item type Books
Suppress in OPAC No
Holdings
Withdrawn status Lost status Source of classification or shelving scheme Damaged status Not for loan Home library Current library Shelving location Date acquired Source of acquisition Total Checkouts Full call number Barcode Date last seen Copy number Price effective from Koha item type
    Dewey Decimal Classification     Chittagong University Library Chittagong University Library Arts and Humanities Reading Room 11/11/2025 Purchase   297.9 SMI 28912 11/11/2025 C-2 11/11/2025 Books
    Dewey Decimal Classification     Chittagong University Library Chittagong University Library Arts and Humanities Reading Room 11/11/2025 Purchase   297.9 SMI 28913 11/11/2025 C-3 11/11/2025 Books
    Dewey Decimal Classification     Chittagong University Library Chittagong University Library Arts and Humanities Reading Room 11/11/2025 Purchase   297.9 SMI 28914 11/11/2025 C-4 11/11/2025 Books
    Dewey Decimal Classification     Chittagong University Library Chittagong University Library Arts and Humanities Reading Room 11/11/2025 Purchase   297.9 SMI 286102 11/11/2025 C-5 11/11/2025 Books
    Dewey Decimal Classification     Chittagong University Library Islamic History and Culture Seminar Library Arts and Humanities Reading Room 11/11/2025 Purchase   297.9 SMI 1327 11/11/2025 C-1 11/11/2025 Books
© Copyright 2025. Chittagong University Library, Installation and Maintenance by Prof. Dr. Md. Alamgir, 01711306253